• 首页
  • 本馆介绍
  • 公告通知
  • 最新文献
  • 馆藏检索
  • 电子资源
  • 读者导购
  • 参考咨询
  • 我的图书馆
  • 登录
  • 详细信息显示
  • 放入我的书架
  • 预约/预借图书
  • 作者相关作品
  • 分类相关作品
  • 丛书相关作品
  • 出版社相关作品

书目信息

  • 表格格式
  • 工作单格式
  • 卡片格式
题名:
城乡生态经济系统
    
 
作者: 周纪纶 主编
分册:  
出版信息: 北京   中国环境科学出版社  1989.12
页数: 335页
开本: 19cm
丛书名:
单 册:
中图分类: F062.2
科图分类:
主题词: 生态经济学--研究 , 经济学--分支科学
电子资源:
ISBN: 7-80010-441-9
000 00815nam 2200241 45
001 0191006562
005 20061025151420.51
010    @a7-80010-441-9@dCNY5.50
100    @a19910327d1989 ekmy0chiy0121 ea
101 0  @achi
102    @aCN@b110000
105    @ay z 000yy
200 10 @a城乡生态经济系统@ACHENG XIANG SHENG TAI JING JI XI TONG@f周纪纶主编@FZHOU JI LUN ZHU BIAN
210    @a北京@c中国环境科学出版社@d1989.12
215    @a335页@d19cm
330    @a本书共分八章,介绍了城乡系统的结构,功能,城乡系统的发展、控制论和系统模型,还介绍了城乡系统预测与优化、综合区划及管理问题。
540 1  @a生态 经济@ASHENG TAI JING JI
606    @a生态经济学@x研究
606 0  @a经济学@x分支科学
690    @aF062.2
701  0 @a周纪纶@AZHOU JI LUN@4主编
801  0 @aCN@bTSSF@c20061025
905    @a10447@dF062.2@e1
    
    城乡生态经济系统/周纪纶主编.-北京:中国环境科学出版社,1989.12
    335页;19cm
    
    
    ISBN 7-80010-441-9:CNY5.50
    本书共分八章,介绍了城乡系统的结构,功能,城乡系统的发展、控制论和系统模型,还介绍了城乡系统预测与优化、综合区划及管理问题。
●
相关链接 在E读中查询图书 在五车中查询图书 在当当中查询图书 在豆瓣中查询图书


正题名:城乡生态经济系统     索取号:F062.2/1         预约/预借

序号 登录号 条形码 馆藏地/架位号 状态 备注
1 0224791   002060593   第一样本阅览室/ [索取号:F062.2/1] 在馆    
唐山师范学院图书馆 欢迎您!
大连网信软件有限公司© 版权所有